Claves para la evaluación con WISC-IV /

שמור ב:
מידע ביבליוגרפי
מחבר ראשי: Flanagan, Dawn P. (autor)
מחברים אחרים: Kaufman, Alan S. (autor) (autor), Kaurman, Nadeen L. (prefacio) (prefacio), Greenberg, Darielle (colaboración) (colaboración)
פורמט: ספר
שפה:ספרדית
יצא לאור: México : El Manual Moderno, 2012, c2012
מהדורה:2a edición
נושאים:
תגים: הוספת תג
אין תגיות, היה/י הראשונ/ה לתייג את הרשומה!

MARC

LEADER 00000nam^a2200000^a^4500
001 000399931
005 20250521000000.0
009 20260310121606.443
020 |a 978-607-448-158-7 
037 |a Acervo ITESO - Biblioteca 
041 |a ESP 
082 |a 153. 93  |b FLA 
100 |a Flanagan, Dawn P.  |e (autor) 
245 1 0 |a Claves para la evaluación con WISC-IV /  |c D.P. Flanagan, A.S. Kaufman ; pref. de A.S. Kaufman, N.L. Kaufman ; colaboración de D. Greenbeng... [et al.] ; tr. por Miroslava Guerra Frías. 
250 |a 2a edición 
264 4 |a México :  |b El Manual Moderno,  |c 2012, c2012 
300 |a XII, 357 p. 
336 |a texto  |b txt  |2 rdacontenido 
337 |a sin mediación  |b n  |2 rdamedio 
338 |a volumen  |b nc  |2 rdasoporte 
500 |a Traducción de: Essentials of WISC-IV Assessment 
521 |a FIL 2017 EEnlace Departamento de Psicología, Educación y Salud 
649 |a XX 
650 |a Niños -  |x Condiciones Psicológicas 
650 |a Adolescentes -  |x Condiciones Psicológicas 
650 |a Comprensión 
650 |a Razonamiento 
650 |a Memoria 
650 |a Desarrollo Cognoscitivo 
650 |a Pruebas de Inteligencia -  |x Tema Principal 
650 |a Pruebas Psicológicas 
650 |a Educación -  |x Teoría 
650 |a Psicometría 
650 |a Neuropsicología 
650 |a Psicología Diferencial 
700 |a Kaufman, Alan S.  |e (autor) 
700 |a Kaurman, Nadeen L.  |e (prefacio) 
700 |a Greenberg, Darielle  |e (colaboración) 
910 |a Fondo General 
920 |a Impresos - Libros 
930 |a Colección General 
905 |a 101 
901 |a 0500295235  |b IT1  |c ACC  |i c157522  |u 20250521 
902 |a https://opac.biblio.iteso.mx/vufind/Record/000399931